Human rights in Europe and trafficking for sexual exploitation : the case Rantsev vs. Cyprus and Russia and the judgment of the European Court of Human Rights

Saved in:
Bibliographic Details
Main Author: Κιορπέογλου, Βλασία
Corporate Author: Πανεπιστήμιο Αιγαίου. Σχολή Κοινωνικών Επιστημών. Τμήμα Κοινωνιολογίας. Μεταπτυχιακό Πρόγραμμα Σπουδών Ευρωπαϊκές Κοινωνίες και Ευρωπαϊκή Ολοκλήρωση
Other Authors: Γρηγορίου, Παναγιώτης Γ. (Thesis advisor)
Format: Thesis Book
Language:English
Published: 2010
Subjects:
Online Access:http://hdl.handle.net/11610/11833
Tags: Add Tag
No Tags, Be the first to tag this record!

MARC

LEADER 00000cam a2200000 i 4500
001 1/15507
008 111010s2010 eng d
035 |l 10111011 
040 |a GR-MY-UA  |b gre  |e aacr 
041 0 |a eng 
082 0 |a 364.15  |2 (22) 
100 1 |a Κιορπέογλου, Βλασία. 
245 1 0 |a Human rights in Europe and trafficking for sexual exploitation :  |b the case Rantsev vs. Cyprus and Russia and the judgment of the European Court of Human Rights /  |c Kiorpeoglou Vlasia ; under the prof. Panagiotis Grigoriou's supevision 
260 |c 2010 
300 |a [64] σ.;  |c 30 εκ. 
500 |a Βιβλιογραφία: σ. 62-64 
502 |a Διατριβή (μεταπτυχιακή) – Πανεπιστήμιο Αιγαίου, Λέσβος, 2010. 
650 0 0 |a Human trafficking  |z Law and legislation. 
650 0 0 |a Human smuggling. 
650 0 0 |a Victims of crimes. 
650 0 0 |a Women  |x Crimes against. 
650 0 0 |a Dissertations, Academic  |z Greece. 
650 0 0 |a Human rights  |z European Union countries. 
700 1 |4 ths  |a Γρηγορίου, Παναγιώτης Γ. 
710 2 |a Πανεπιστήμιο Αιγαίου.   |b Σχολή Κοινωνικών Επιστημών.   |b Τμήμα Κοινωνιολογίας.   |b Μεταπτυχιακό Πρόγραμμα Σπουδών Ευρωπαϊκές Κοινωνίες και Ευρωπαϊκή Ολοκλήρωση. 
852 |a INST  |b LESVOS  |c DIATR  |e 20111010  |h 1  |p 005100051433  |q 005100051433  |t MTXE  |y 23 
852 |a INST  |b LESVOS  |c DIATR  |e 20111010  |h 2  |p 005100051432  |q 005100051432  |t MTXE  |y 23 
856 |u http://hdl.handle.net/11610/11833 
901 |a BIBL1-2011-3 
909 |a Λ  |b 171725 
909 |a Λ  |b 171726 
924 |a ΚΙΟΡΠΕΟΓΛΟΥ  |b ΒΛΑΣΙΑ  |y ΛΕΣΒΟΣ  |z 2011-04 
970 |a ΤΖΑΦΕΡΗ  |b ΕΥΑΓΓΕΛΙΑ  |z 2011/10/10